01150nam a22002894a 450000500170000000800410001702000240005802000240008203700210010604000180012708200060014510000340015124500690018526000340025430000320028849000210032050000290034152002110037065000250058165000220060665000280062865000190065665000220067570000180069780000530071585600920076820091211152652.0020917s2003 nyua b 000 1 eng  a0375812806 c100.00 a0375912800 c100.00 bBlueberry Books  adplbEnglish  aS aGreenburg, J. C.q(Judith C.) aIn the garden /cby J.C. Greenburg ; illustrated by Debbie Palen aNew York bRandom Housec2003 a81 p. :bill. c20 cm(pbk)  aAndrew lost ;v4 a"A stepping stone book." aAndrew, his cousin Judy, and Thudd the robot, having been shrunk by a shrinking machine, encounter many terrifying creatures, including Mrs. Scuttle, as they try to reach the Atom Sucker before it explodes. aInventionsvFiction. aInsectsvFiction. aInvertebratesvFiction. aSizevFiction. aCousinsvFiction. aPalen, Debbie aGreenburg, J. C.q(Judith C.)tAndrew lost ;v4. 3Publisher descriptionuhttp://www.loc.gov/catdir/description/random0413/2002014972.html